Szczegóły MARC21

Romantyzm : hasła osobowe K-O /

003 -Nazwa inst., której nr kontr. jest w polu 001 [,]
    • @
    • Nazwa instytucji, której n kontrolny jest w polu 001
    • NUKAT
005 -DATA I CZAS OSTATNIEJ MODYFIKACJI [,]
    • @
    • pole kontrolne
    • 20241231113802.0
040 -Instytucja sporządzająca opis [ , ]
    • a
    • Instytucja, która sporządziła opis (NP)
    • LUBL M/AS
    • c
    • Instytucja, która sporządziła rekord (NP)
    • LUBL M/AS
    • d
    • Instytucja, która zmodyfikowała rekord (P)
    • LUBL M/ASs
    • d
    • Instytucja, która zmodyfikowała rekord (P)
    • LUBL M/IK
    • d
    • Instytucja, która zmodyfikowała rekord (P)
    • WR O/KSs
    • d
    • Instytucja, która zmodyfikowała rekord (P)
    • WA 248/ae
942 -Rodzaj dokumentu [ , ]
    • c
    • Rodzaj dokumentu
    • Książka
245 -Strefa tytułu i oznaczenia odpowiedzialności [0,0]
    • a
    • Tytuł
    • Romantyzm : Find
    • b
    • Ciąg dalszy tytułu (NP)
    • hasła osobowe K-O / Find
    • c
    • Pozostałe elementy strefy tytułu i oznaczenia odpowiedzialności (NP)
    • oprac. zespół pod kier. Irminy Śliwińskiej i Stanisława Stupkiewicza ; [zespół aut. Halina Gacowa et al.] ; Instytut Badań Literackich Polskiej Akademii Nauk.
246 -Wariant tytułu [1,8]
    • a
    • Tytuł (NP)
    • Nowy Korbut
260 -Strefa adresu wydawniczego [ , ]
    • a
    • Miejsce wydania (P)
    • [Warszawa] :
    • b
    • Nazwa wydawcy (P)
    • Państwowy Instytut Wydawniczy,
    • c
    • Data wydania (P)
    • 1969.
300 -Strefa opisu fizycznego [ , ]
    • a
    • Określenie formy książki i/lub objętość (NP)
    • 555, [1] s. ;
    • c
    • Format (NP)
    • 25 cm.
336 -Typ zawartości [ , ]
    • a
    • Termin opisujący typ zawartości
    • Tekst
    • b
    • Kod określający zawartość
    • txt
    • 2
    • Źródło (terminu i kodu)
    • rdacontent
337 -Typ mediów [ , ]
    • a
    • Tryb odtwarzania
    • Bez urządzenia pośredniczącego
    • b
    • Kod typu mediów
    • n
    • 2
    • Źródło (terminu i kodu)
    • rdamedia
338 -Typ/rodzaj nośnika [ , ]
    • a
    • Hasło opisujące typ nośnika
    • Wolumin
    • b
    • Kod typu nośnika
    • nc
    • 2
    • Źródło (terminu i kodu)
    • rdacarrier
490 -Strefa serii i książki wielotomowej - forma nie do wyszukiwania [1, ]
    • a
    • Tytuł (P)
    • Bibliografia literatury polskiej "Nowy Korbut" ; Find
    • v
    • Numeracja (P)
    • 8
830 -Hasło dodatkowe serii i opisu książki wielotomowej - tytuł ujednolicony/tytuł [ ,0]
    • a
    • Tytuł ujednolicony/tytuł (NP)
    • Bibliografia literatury polskiej "Nowy Korbut"
    • v
    • Oznaczenie tomu (NP)
    • 8
    • 9
    • KHW
    • 59031
530 -Uwaga dot. innej postaci fizycznej dokumentu [ , ]
    • a
    • Uwaga dot. innej postaci fizycznej dokumentu
    • Dostępne także w wersji elektronicznej.
080 -Uniwersalna Klasyfikacja Dziesiętna [ , ]
    • a
    • Symbol klasyfikacji
    • 016
    • 9
    • UKD
    • 2258
    • 2
    • Identyfikator wydania tablic
    • UDC-P058
    • b
    • Dopowiedzenie
    • Bibliografie dziedzin i zagadnień.
080 -Uniwersalna Klasyfikacja Dziesiętna [ , ]
    • a
    • Symbol klasyfikacji
    • :884
650 -Hasło przedmiotowe [ ,7]
    • a
    • Hasło przedmiotowe
    • Literatura polska
    • y
    • Określnik chronologiczny
    • 19 w.
    • v
    • Określnik formalny
    • biobibliografia.
    • 2
    • Źródło terminu
    • kaba
    • 9
    • KHW
    • 356296
650 -Hasło przedmiotowe [ ,7]
    • a
    • Hasło przedmiotowe
    • Romantyzm (prąd literacki)
    • z
    • Określnik geograficzny
    • Polska
    • v
    • Określnik formalny
    • biobibliografia.
    • 2
    • Źródło terminu
    • kaba
    • 9
    • KHW
    • 356298
980 -Symbol UKD [ , ]
    • a
    • UKD
    • 016:884
700 -Hasło dodatkowe - nazwa osobowa [1, ]
    • a
    • Nazwa osobowa (NP)
    • Śliwińska, Irmina Find
    • d
    • Daty biograficzne (NP)
    • (1900-1967).
    • e
    • Określenie rodzaju współpracy
    • Oprac.
    • 9
    • KHW
    • 62383
700 -Hasło dodatkowe - nazwa osobowa [1, ]
    • a
    • Nazwa osobowa (NP)
    • Stupkiewicz, Stanisław Find
    • d
    • Daty biograficzne (NP)
    • (1910-2004).
    • e
    • Określenie rodzaju współpracy
    • Oprac.
    • 9
    • KHW
    • 62382
700 -Hasło dodatkowe - nazwa osobowa [1, ]
    • a
    • Nazwa osobowa (NP)
    • Gacowa, Halina Find
    • d
    • Daty biograficzne (NP)
    • (1927- ).
    • 9
    • KHW
    • 99093
710 -Hasło dodatkowe - nazwa ciała zbiorowego [2, ]
    • a
    • Nazwa ciała zbiorowego lub nazwa geograficzna jako pierwszy element (NP)
    • Państwowy Instytut Wydawniczy.
    • 4
    • Kod relacji
    • pbl
    • 9
    • KHW
    • 51410
856 -Dostęp do wersji elektronicznej [4,1]
Obwoluta Sygnatura Lokalizacja Data inwentaryzacji Uwagi nie widoczne w OPAC Status udost. Numer inwentarzowy
 Z.119BG2000-03-08 1Z.18611
 Z.119BG2000-03-08 1Z.49165
  BG2000-03-08 1Z.35152
  BG2000-03-08 2Z.129
  BG2000-03-08 1Z.130
 Z.119BG2000-03-08 1Z.131
1LXXI/61BM2018-01-03 1P.26304
1 BM2019-04-19 1Q.1114
 01.24/B-56BNS retrokonwersja ANS1ANS.93780